Die teuersten Fußballtransfers - Torwarte - Saison 2015-2016 - Statistiken

Allgemein
  • Dieses Quiz wurde 36 mal gespielt
  • Das Durchschnittsergebnis liegt bei 6 aus 12
Antwortstatistiken
Ablöse (M €) Nationalität Abgebender Verein Aufnehmender Verein Spieler % Korrekt
9,50 Deutschland Eintracht Frankfurt Paris SG Kevin Trapp
97%
14,00 Tschechische Republik FC Chelsea FC Arsenal Petr Cech
90%
3,50 Schweiz SC Freiburg Borussia Dortmund Roman Bürki
80%
3,50 Deutschland VfB Stuttgart Bayern München Sven Ulreich
80%
11,00 Bosnien und Herzegowina / Kanada Stoke City FC Chelsea Asmir Begovic
63%
3,50 Australien Borussia Dortmund VfB Stuttgart Mitchell Langerak
63%
6,00 Spanien Esp. Barcelona Real Madrid Kiko Casilla
47%
7,00 Australien FC Brügge FC Valencia Mathew Ryan
30%
6,70 China GZ R&F Guangzhou Evergrande Dianzuo Liu
3%
4,90 England QPR Crystal Palace Alex McCarthy
0%
7,05 China HZ Greentown JS Suning Chao Gu
0%
9,80 China Liaoning FC TJ Quanjian Lu Zhang
0%
Keine übereinstimmenden Quizze gefunden
Verteilung der Resultate
Anzahl Personen mit jedem Resultat
Perzentil nach korrekt beantworteten Fragen
Ihre Resultats-Entwicklung
Sie haben dieses Quiz noch nicht gespielt